Nevrosi e psicosi / (Registro nro. 177995)

Detalles MARC
000 -LEADER
campo de control de longitud fija 00766nam a22002535i 4500
001 - NÚMERO DE CONTROL
campo de control 177995
003 - IDENTIFICADOR DE NÚMERO DE CONTROL
campo de control ES-MaACL
005 - FECHA Y HORA DE LA ÚLTIMA TRANSACCIÓN
campo de control 20240125063156.0
008 - DATOS DE LONGITUD FIJA--INFORMACIÓN GENERAL
campo de control de longitud fija 110512s1970 it |||| | ita d
080 ## - NÚMERO DE LA CLASIFICACIÓN DECIMAL UNIVERSAL
Número de la Clasificación Decimal Universal 616.891
100 1# - ENTRADA PRINCIPAL--NOMBRE DE PERSONA
Nombre de persona Freud, Sigmund,
Fechas asociadas al nombre 1856-1939
9 (RLIN) 52547
245 10 - MENCIÓN DEL TÍTULO
Título Nevrosi e psicosi /
Mención de responsabilidad, etc. Sigmund Freud ; introduzione di Flavio Manieri.
250 ## - MENCION DE EDICION
Mención de edición 1ª ed.
260 ## - PUBLICACIÓN, DISTRIBUCIÓN, ETC.
Lugar de publicación, distribución, etc. Roma :
Nombre del editor, distribuidor, etc. Newton Compton,
Fecha de publicación, distribución, etc. 1970.
300 ## - DESCRIPCIÓN FÍSICA
Extensión 412 p. ;
Dimensiones 20 cm.
490 1# - MENCIÓN DE SERIE
Mención de serie Paperbacks saggi ;
Designación de volumen o secuencia 26
546 ## - NOTA DE IDIOMA
Nota de lengua/lenguaje Texto en italiano.
650 04 - PUNTO DE ACCESO ADICIONAL DE MATERIA--TÉRMINO DE MATERIA
Término de materia o nombre geográfico como elemento de entrada Neurosis.
9 (RLIN) 15534
650 #4 - PUNTO DE ACCESO ADICIONAL DE MATERIA--TÉRMINO DE MATERIA
Término de materia o nombre geográfico como elemento de entrada Psicosis.
9 (RLIN) 146480
700 1# - ENTRADA AGREGADA--NOMBRE PERSONAL
Nombre de persona Manieri, Flavio.
9 (RLIN) 146457
830 0# - PUNTO DE ACCESO ADICIONAL DE SERIE-TÍTULO UNIFORME
Título uniforme Paperbacks saggi ;
Designación de volumen o secuencia 26
9 (RLIN) 190662
852 ## - LOCALIZACIÓN
Ubicación ES-MaACL
Número de control de estantería E-15063
Encuadernación Olim P-1848
Existencias
Estatus retirado Estado de pérdida Estado de daño No para préstamo Biblioteca de origen Biblioteca actual Ubicación en estantería Fecha de adquisición Fuente de adquisición Total de préstamos Signatura topográfica completa Código de barras Visto por última vez Precio de reemplazo Tipo de ítem Koha
        Biblioteca del Ateneo de Madrid Biblioteca del Ateneo de Madrid Depósito 2 12/05/2011     E-15063 1186987 23/02/2023 23/02/2023 Libro impreso